000 00380nam a2200145Ia 4500
008 230711s9999||||xx |||||||||||||| ||und||
041 _aENG
082 _a671
_bDA-M
100 _aNelson,Carl A
245 0 _aMechanical trades pocket manual
250 _a1st Ed.
260 _c1985
_aBombay
_bD. B. Taraporevala Sons & Co. Pvt.Ltd
650 _aMechanical Engineering
942 _cBK
999 _c1135
_d1135